Normal view
MARC view
- Craig, Clifton
Entry Personal Name
001 - CONTROL NUMBER
- control field: 14419
003 - CONTROL NUMBER IDENTIFIER
- control field: OSt
005 - DATE AND TIME OF LATEST TRANSACTION
- control field: 20250624105505.0
008 - FIXED-LENGTH DATA ELEMENTS
- fixed length control field: 250624|| aca||aabn | a|a d
040 ## - CATALOGING SOURCE
- Original cataloging agency: OSt
- Transcribing agency: OSt
100 ## - HEADING--PERSONAL NAME
- Personal name: Craig, Clifton
670 ## - SOURCE DATA FOUND
- Source citation: Work cat.: (OSt)5693: Gerber, Adam, author. 14418, Learn Android Studio :